000 00729nam a2200205Ia 4500
003 0
005 20250127144208.0
008 150126s9999 xx 000 0 und d
050 _aPHS HQ 755.85
_b.C545 2014
100 _aChoi, Da Min.
245 _aParental involvement and decision making skills among grade 11 students /
_cDa Min Choi.
260 _aLas PiƱas City, Philippines :
_bSouthville International School and Colleges,
_c2014.
300 _a35 pages :
_billustration ;
_c28 cm.
504 _aIncludes bibliographical references.
650 _aParent and child.
650 _aParent participation in education.
650 _aDecision making in adolescence.
650 _aParental influence.
942 _2lcc
_cPASS
999 _c278661
_d278661